banner-ar

CONSERVATION IN PCOGRESS / (Record no. 17165)

MARC details
000 -الفاتح
حقل البيانات ثابتة الطول 00471nam a2200181Ia 4500
008 - عناصر البيانات ثابتة الطول - معلومات عامة
حقل البيانات ثابتة الطول 140319s9999 xx 000 0 eng d
040 ## - مصدر الفهرسة
وكالة الفهرسة الأصلية GCL /
وكالة النسخ GCL
082 04 - رقم تصنيف ديوى العشرى
رقم التصنيف 333.7816
رقم المادة G C
100 1# - المدخل الرئيسى - إسم شخصى
الإسم الشخصى GOLDSMITH, F.B.
245 10 - بيان العنوان
العنوان CONSERVATION IN PCOGRESS /
بيان المسئوليه,etc GOLDSMITH, F.B.
700 1# - المدخل الاضافى - اسم شخصى
الإسم الشخصى WARREN, A.
260 ## - PUBLICATION, DISTRIBUTION, ETC. (IMPRINT)
تاريخ النشر أو التوزيع 1993
300 ## - الوصف المادى
التعداد 364
650 04 - المدخل الاضافى بالموضوع-مصطلح موضوعى
مصطلح موضوعي ENVIRONMENT
650 04 - المدخل الاضافى بالموضوع-مصطلح موضوعى
مصطلح موضوعي NATURE CONSERVATION
942 ## - عناصر المدخل الإضافي( كوها)
مصدر التصنيف او مخطط الترفيف Dewey Decimal Classification
Koha [default] item type كتاب
260 ## - PUBLICATION, DISTRIBUTION, ETC. (IMPRINT)
-- [S.N] :
-- JOHN WILEY AND SONS. INC ،
Holdings
حالة التراجع حالة الفقد حالة تلف ليس للاعارة المكان المؤقت الموقع الحالى تاريخ الاكتساب اجمالي اﻻعارات رقم الطلب الباركود تاريخ اخر مشاهدة تاريخ تفعيل السعر نوع وعاء كوها
        مكتبة القاهرة الكبرى مكتبة القاهرة الكبرى 03/26/2014   333.7816\G C 30949 03/26/2014 03/26/2014 كتاب
        مكتبة القاهرة الكبرى مكتبة القاهرة الكبرى 03/26/2014   333.7816\G C 30950 03/26/2014 03/26/2014 كتاب

Powered By

EGPV